| 000 | 00717nam a2200193Ii 4500 | ||
|---|---|---|---|
| 003 | JO-AjNU | ||
| 008 | 230605s9999||||xx |||||||||||||| ||und|| | ||
| 040 |
_aJO-AjNU _bara _erda _cJO-AjNU |
||
| 041 | _aara | ||
| 050 | 1 | 4 | _aPN86.W51612 1900 |
| 100 | 3 |
_aويمزات، ويليام.ك ؛ كلينث بروكس ؛ ترجمة حسام الخطيب ؛ محي الدين صبحي, _eauthor _938840 |
|
| 245 | 0 | 0 | _aالنقد الأدبي: تاريخ موجز |
| 264 | 3 | 1 | _aد.م: د.ن، 1900 |
| 300 | _a487ص | ||
| 336 |
_atext _btxt _2rdacontent |
||
| 337 |
_aunmediated _bn _2rdamedia |
||
| 338 |
_avolume _bnc _2rdacarrier |
||
| 650 | 4 |
_aالأدب العربي - تاريخ ونقد - النقد الأدبي _938841 |
|
| 999 |
_aA16352 _c19920 _d19920 |
||